Logo biblioteca
Santa Fe 2917, Rosario, Santa Fe
Lu-Vi 8 a 19.45
+54-341-4232362
bibliotecaeudoro@gmail.com
Facebook Biblioteca Pedagógica
Sitio web

Escolarización de las emociones. (Registro nro. 32516)

Detalles MARC
000 -CABECERA
campo fijo de control de longitud 01313nab a2200241 4500
003 - IDENTIFICADOR DEL NÚMERO DE CONTROL
campo de control AR-RoBPED
005 - FECHA Y HORADE LA ULTIMA TRANSACCION
campo de control 20260407151211.0
008 - ELEMENTOS DE LONGITUD FIJA--INFORMACION GENERAL
campo fijo de control de longitud 260407b |||||||| |||| 00| 0 spa d
040 ## - FUENTE CATALOGADORA
Centro catalogador/agencia de origen AR-RoBPED
041 ## - IDIOMA
Código de idioma para texto/pista de sonido o título independiente spa
100 1# - ENCABEZAMIENTO PRINCIPAL--AUTOR PERSONAL
Nombre de persona Coronado, Mónica
9 (RLIN) 16303
Función Licenciada y profesora en Ciencias Psicopedagógicas. Magíster en Educación Superior.
245 1# - TITULO
Título Escolarización de las emociones.
Subtítulo Territorios afectivos en disputa /
260 ## - PUBLICACION
Lugar Buenos Aires :
Editor Noveduc,
Fecha 2025
300 ## - DESCRIPCION FISICA
Extensión 40-44 p.
500 ## - NOTA GENERAL
Nota general Ante la masiva llegada a las escuelas de propuestas de "educación emocional", la autora señala que se corre el riesgo de adoptar una mirada simplista que banaliza las emociones y desconoce la amplitud y la complejidad del entramado afectivo inherente a toda la actividad humana. Por ello, señala la necesidad de un abordaje profundo del tema que habilite la construcción de una cultura escolar que ponga en valor los lazos y los sentimientos.
650 #7 - TERMINO DE MATERIA--CONTROLADO
Término controlado EMOCIONES
9 (RLIN) 806
Término controlado VINCULOS AFECTIVOS
9 (RLIN) 20351
Término controlado SALUD MENTAL
9 (RLIN) 2772
Término controlado ESCUELA
9 (RLIN) 20136
773 0# - DOCUMENTO FUENTE
Host Biblionumber 20414
Host Itemnumber 41867
Place, publisher, and date of publication Buenos Aires : Noveduc, 1993-
Título Novedades Educativas
Record control number (AR-RoBPED)20414
International Standard Serial Number 03283534
942 ## - ELEMENTOS KOHA
Fuente de clasificación Universal Decimal Classification
Koha tipo de ítem Revistas
Clasificación 37(05)
Signatura librística Nov 86 Nº 400 (Febr.2025)
Número Koha k.32516
945 ## - PROCESAMIENTO DE LA INFORMACIÓN LOCAL
Catalogador y fecha mar 04/2026

No hay ítems disponibles.